| 000 | nam a22 c 4500 | ||
|---|---|---|---|
| 999 |
_c16116 _d16116 |
||
| 003 | BLK | ||
| 005 | 20200705090808.0 | ||
| 008 | 180413b bul|||||r ||||||| ||bul|| | ||
| 010 | _aKNG00017951000 | ||
| 020 | _a954-90167-2-2 | ||
| 040 | _aBLK | ||
| 041 |
_aBUL _cBUL |
||
| 080 |
_aПрирода. Изучаване и опазване на природната среда. Опазване на растителния и животинския свят. Вж и 55/59 _b502 _x:621.039(497.2) _z502:621.039(497.2) |
||
| 080 |
_aАтомни електроцентрали _b621.311.25:621.039 _x(497.2) _z621.311.25:621.039(497.2) |
||
| 100 | 1 |
_aАтанасов, Георги _eпърви автор _gПетров, Георги Атанасов _9363532 |
|
| 139 |
_aАтанасов, Георги и др. _bА 93 |
||
| 245 | 1 | 0 |
_aАЕЦ _b"Да" и "не"! _cГеорги Атанасов; съавт. Николай Сергеев Бузин; съавт. Тодор Тодоров. |
| 250 | _a2. изд. | ||
| 257 | _aBGR | ||
| 260 |
_bСиндипревантива _c1997 |
||
| 300 |
_a128 с. _bс ил. _c21 см |
||
| 380 | _a5 | ||
| 500 | _a1. изд. 1994. | ||
| 650 | 4 |
_aЯдрена енергетика - България - екологични проблеми _9246877 |
|
| 650 | 4 |
_aАтомни електрически централи - България - екологични проблеми _9242008 |
|
| 653 | _aядрена енергетика | ||
| 653 | _aАЕЦ | ||
| 653 | _aекологични проблеми | ||
| 700 | 1 |
_aБузин, Николай Сергеев _eсъавт. _9246876 |
|
| 700 | 1 |
_aТодоров, Тодор _eсъавт. _9363416 |
|
| 852 | _aЦб 193143 | ||
| 856 | 4 |
_qpdf _u |
|
| 856 | 4 |
_qpdf _u |
|
| 942 |
_cKNG _n0 _s1 |
||
| 944 |
_aCR _c15.01.2003 _kДиана_Димитрова |
||
| 944 |
_aED _c20.03.2004 |
||
| 999 | _d16116 | ||
| 999 | _d16116 | ||